000 00635cam a22002053a 4500
001 40025
003 PGUSA
005 20140828083906.0
008 120701s2012||||xxu|||||s|||||000 | eng d
040 _aPGUSA
_beng
042 _adc
100 1 _aVolney, C.-F.
_q(Constantin-François),
_d1757-1820
245 1 0 _aOeuvres, Tome V :
_bRecherches nouvelles sur l'histoire ancienne
_h[electronic resource] /
_cC.-F. Volney
260 _bProject Gutenberg,
_c2012
506 _aPublic domain in the USA.
516 _aElectronic text
830 0 _aProject Gutenberg
_v40025
856 4 0 _uhttp://www.gutenberg.org/ebooks/40025
942 _cEB
999 _c269278
_d269278